Statistics for Hitman Blood Money : Targets

Click here to take the quiz!

General Stats

  • This quiz has been taken 24 times
  • The average score is 18 of 36

Answer Stats

MissionTarget% Correct
Death of a ShowmanJoseph Clarence
87%
Curtains DownAlvaro D'Alvade
80%
Fernando Delgado
80%
A Vintage YearManuel Delgado
80%
Richard Delahunt
80%
A New LifeVinnie Sinistra
80%
Mark Parchezzi III
73%
Angelina Mason
67%
Till Death Do Us PartBuddy Muldoon
67%
Death on the MississipiSkip Muldoon
67%
Amendement XXVDaniel Morris
60%
Priest
60%
You Better Watch Out...Chad Bingham Jr.
53%
Eve
53%
Hendrik Schmutz
53%
The Murder of CrowsMark Purayah II
53%
Raymond Kulinsky
47%
Rick Henderson
47%
RequiemAlexander Leland Cayne
40%
Alexander Leland Cayne's Bodyguards
40%
Lorne de Havilland
40%
Maynard John
40%
Vaana Ketlyn
40%
Adam Hendrikson
33%
A Dance With The DevilAnthony Martinez
33%
Carmine DeSalvo
33%
Elijah Krup
33%
Everett Jefferson
33%
Joe Netberg
33%
John "Pappy" Leblanc
33%
Junior O'Daniel
33%
FlatlineLorenzo Lombardo
33%
A House of CardsMohammad Bin Faisal Al-Khalifa
33%
William S. Corfitz
33%
Rudy Menzana
27%
Tariq Abdul Lateef
27%

Score Distribution

Percentile by Number Answered

Percent of People with Each Score

Your Score History

You have not taken this quiz